| 000 | 00421nam a2200169 a 4500 | ||
|---|---|---|---|
| 001 | 0534 | ||
| 005 | 20140414131912.0 | ||
| 008 | 040128s19uu xx 00 eng d | ||
| 020 | _a0-7853-2835-1 | ||
| 050 |
_aER _bD95 1998 |
||
| 245 | _aDavid and Goliath. | ||
| 260 |
_aChina : _bPublication International, _c1998. |
||
| 300 | _ap. ; cm. | ||
| 440 | _aLittle Classics | ||
| 650 | _aBible stories. | ||
| 999 |
_c111255 _d111255 |
||